Central Library OPAC University of Rajshahi

Matthew Arnold's Essays in criticism : (Record no. 17976)

MARC details
000 -LEADER
fixed length control field 00999cam a22002891 4500
001 - CONTROL NUMBER
control field 17976
003 - CONTROL NUMBER IDENTIFIER
rucl marc code BD-RjUL
005 - DATE AND TIME OF LATEST TRANSACTION
control field 20211209000224.0
008 - FIXED-LENGTH DATA ELEMENTS--GENERAL INFORMATION
fixed length control field 140219t19661964ilu b 001 1 eng d
035 ## - SYSTEM CONTROL NUMBER
System control number (BD-RjUL)18034
040 ## - CATALOGING SOURCE
Original cataloging agency DLC
Transcribing agency DLC
Modifying agency DLC
-- BD-RjUL
Language of cataloging eng
041 ## - LANGUAGE CODE
Language code of text/sound track or separate title eng
082 00 - DEWEY DECIMAL CLASSIFICATION NUMBER
Classification number 809
Author mark and year ARM 1966
100 1# - MAIN ENTRY--PERSONAL NAME
Personal name Arnold, Matthew,
Dates associated with a name 1822-1888.
9 (RLIN) 55140
245 10 - TITLE STATEMENT
Title Matthew Arnold's Essays in criticism :
Remainder of title First and Second series /
Statement of responsibility, etc. Edited, with an introd. and notes, by Sister Thomas Marion Hoctor.
250 ## - EDITION STATEMENT
Edition statement Critical ed.
260 ## - PUBLICATION, DISTRIBUTION, ETC. (IMPRINT)
Place of publication, distribution, etc. Chicago :
Name of publisher, distributor, etc. University of Chicago Press,
Date of publication, distribution, etc. c1964 [Reprinted 1966]
300 ## - PHYSICAL DESCRIPTION
Pagination xliii, 367 p. ;
Size 24 cm.
500 ## - GENERAL NOTE
General note Based on the editor's thesis, Cornell University, 1958.
504 ## - BIBLIOGRAPHY, ETC. NOTE
Bibliography, etc Bibliography: p. 345-348. and Index
650 #0 - SUBJECT ADDED ENTRY--TOPICAL TERM
Topical term or geographic name as entry element Criticism.
9 (RLIN) 55423
700 1# - ADDED ENTRY--PERSONAL NAME
Personal name Hoctor, Thomas Marion,
Dates associated with a name 1933-
Relator term ed.
942 ## - ADDED ENTRY ELEMENTS (KOHA)
Source of classification or shelving scheme Dewey Decimal Classification
Koha item type Books
Holdings
Lost status Source of classification or shelving scheme Damaged status Not for loan Collection code Permanent Location Current Location Shelving location Date acquired Source of acquisition Cost, normal purchase price Total Checkouts Full call number Date last seen Copy number Koha item type
  Dewey Decimal Classification     Fiction Central Library, University of Rajshahi Central Library, University of Rajshahi   26/10/1968 Zetlinger 16.00   809 ARM 1966 19/02/2014 C-5 Books